Music Quiz

Random Music or Musical Quiz

'Waltz for Eva and Che' Lyrics from Evita (Part 2) Quiz Stats

 Plays Quiz not verified by Sporcle

Score 0/160 Timer 10:00
0 Plays Today
% Correct
and
91.4%
the
91.4%
and
91.4%
the
91.4%
and
91.4%
a
91.4%
the
91.4%
the
91.4%
the
91.4%
a
91.4%
A
91.4%
Tell
88.6%
tell
88.6%
me
85.7%
you
85.7%
be
85.7%
me
85.7%
you
85.7%
me
85.7%
be
85.7%
for
85.7%
for
85.7%
You
85.7%
in
82.9%
in
82.9%
your
80%
of
80%
of
80%
your
80%
of
80%
to
77.1%
to
77.1%
to
77.1%
to
77.1%
to
77.1%
is
77.1%
go,
77.1%
to
77.1%
Is
77.1%
that
77.1%
is
77.1%
that.
77.1%
before
74.3%
if
74.3%
if
74.3%
if
74.3%
what
74.3%
my
74.3%
What
74.3%
no
71.4%
But
71.4%
on
71.4%
no
71.4%
There
71.4%
% Correct
there.
71.4%
but
71.4%
but
71.4%
so
68.6%
from
68.6%
one
68.6%
ever
68.6%
So
68.6%
not
68.6%
Oh,
68.6%
oh,
68.6%
that's
68.6%
I
65.7%
I
65.7%
I'd
65.7%
hope
65.7%
I
65.7%
here,
65.7%
I'd
65.7%
give
65.7%
more,
65.7%
heart
65.7%
body
65.7%
falling
65.7%
apart?
65.7%
I
65.7%
hope
65.7%
know
65.7%
How
62.9%
can
62.9%
this
62.9%
or
62.9%
solution,
62.9%
even
62.9%
hundred
62.9%
years!
62.9%
system
62.9%
government -
62.9%
you're
62.9%
hundred
62.9%
years,
62.9%
interferes.
62.9%
day
62.9%
strongest
62.9%
world's
60%
problems,
60%
war
60%
pollution,
60%
lived
60%
quite
60%
incidental.
60%
dear.
60%
clear,
60%
dear?
60%
% Correct
Every
60%
creator.
60%
never
57.1%
week
57.1%
next
57.1%
week
57.1%
have
57.1%
off
57.1%
with
57.1%
greatest
57.1%
evil,
57.1%
around
57.1%
able,
57.1%
unstable
57.1%
physical
57.1%
serious
57.1%
flaw,
57.1%
than
54.3%
sidelines
54.3%
delighted
54.3%
take
54.3%
somewhere
54.3%
stay
54.3%
some
54.3%
short-sighted
51.4%
further
51.4%
impossible
51.4%
dream?
51.4%
Allow
51.4%
first
51.4%
who'd
51.4%
fundamental
51.4%
good
51.4%
look
48.6%
help
48.6%
cheers.
48.6%
said
48.6%
hate
48.6%
slink
45.7%
three
45.7%
up
45.7%
state,
45.7%
seek
42.9%
pastures
42.9%
thereby
42.9%
restore
42.9%
self-esteem.
42.9%
mark
42.9%
Whip
42.9%
tottering
42.9%
worthier
40%
adieu
37.1%

You're not logged in!

Compare scores with friends on all Sporcle quizzes.
OR
Log In

You Might Also Like...

Show Comments

Extras

Top Quizzes Today


Score Distribution

Your Account Isn't Verified!

In order to create a playlist on Sporcle, you need to verify the email address you used during registration. Go to your Sporcle Settings to finish the process.

Report this User

Report this user for behavior that violates our Community Guidelines.

Details: